| 000 | 01073nam a22003377a 4500 | ||
|---|---|---|---|
| 003 | OSt | ||
| 005 | 20260601171020.0 | ||
| 008 | 260520b2014\\\\nyua||||\||||\00|\0\eng\d | ||
| 020 | _a9782940222742 | ||
| 020 | _a9781138782785 | ||
| 040 |
_aICI _bspa _cICI _erda |
||
| 041 | _aeng | ||
| 050 |
_aT173.8 _b.H46 2014 |
||
| 100 |
_aHenchoz, Nicolas, _eautor _934614 |
||
| 245 | 1 |
_aDesign for innovative technology : _bfrom disruption to acceptance / _cNicolas Henchoz, Yves Mirande |
|
| 246 | _aFrom disruption to acceptance | ||
| 250 | _aprimera edición | ||
| 264 |
_aNew York : _bLausanne : _c2014 |
||
| 300 |
_a213 páginas : _bilustraciones |
||
| 336 |
_2rdacontent _atexto |
||
| 337 |
_2rdamedia _asin medio |
||
| 338 |
_2rdacarrier _avolumen |
||
| 650 |
_aDiseño industrial _915218 |
||
| 650 | _aInnovaciones tecnológicas | ||
| 650 |
_aTransferencia de tecnología _934616 |
||
| 650 | _aDiseño de productos | ||
| 650 | _aTecnología y sociedad | ||
| 700 |
_aMirande, Yves, _eautor _934619 |
||
| 700 |
_aHenchoz, Nicolas, _eautor _934614 |
||
| 942 |
_2lcc _cB _n1 |
||
| 999 |
_c20870 _d20870 |
||